000 00380nam a22001577a 4500
003 MPLRDC
005 20220104123338.0
008 210129b ||||| |||| 00| 0 eng d
082 _a496.18 MJC
100 _a马均成编
245 _a包装手册
_c
260 _a
_b国际出版社
_c
300 _b
650 _a商品; 品牌--包装与标示
942 _cBK
_o496.18 MJC
999 _c10659
_d10649